Statistics for SUPERCELL games

Click here to take the quiz!

General Stats

  • This quiz has been taken 279 times
    (247 since last reset)
  • The average score is 5 of 5

Answer Stats

HintAnswer% Correct
VillageClash of Clans
99%
CastleClash Royale
95%
FarmHay Day
88%
BeachBoom Beach
87%
CowboyBrawl Stars
84%

Score Distribution

Percentile by Number Answered

Percent of People with Each Score

Your Score History

You have not taken this quiz since the last reset